000 00566nam a2200205Ia 4500
005 20250508162418.0
008 008 250505s9999 xx 000 0 eng d
020 _a0-85038-447-8
037 _aTextual
040 _aFEDL
_beng
_cFEDL
041 _aeng
_2eng
084 _a371.2, JOH
_qFEDL
100 _aJohnstone James N
_9139828
245 0 _aIndicators of education systems
260 _aLondon, UK
_bKogan Page
_c1981
300 _axvii,317p.
650 _aSchool Administration
942 _cTEXL
_h371.2, JOH
999 _c1376375
_d1376375